000 00530nam a2200181 a 4500
005 20250903063932.0
008 081109s2000 mx r 000 0 spa d
035 _aUPN01000166398
049 _aUNE
080 _a5: 6 (72) "2003" INF.
245 0 0 _aInforme general del estado de la ciencia y la tecnología, 2003: México.
260 _aMéxico: CONACyT, 2003.
300 _a449 p.; 27 cm. il., retrs., fot.
501 _aIncluye CD-ROM
690 _aCiencia y tecnología
_910139
690 _aMéxico
905 _aUNESCO
999 _c138509
_d138509